000 00306nam a2200121Ia 4500
005 20251222141759.0
008 251222s9999||||xx |||||||||||||| ||spa||
082 _a510/C86P
100 _aCoveñas Naquiche, Manuel
245 0 _a2001 Problemas de Razonamiento Matemático
264 _bCoveñas
942 _cLIB
999 _c6095
_d6095